000 00379nam a2200145 i 4500
001 bg
100 1 _aPAJESTKA, Józef
245 0 _aCzynniki i współzależności rozwoju społeczno-gospodarczego /
_cJ. Pajestka.
250 _aWyd.2 zm. i rozsz.
260 _aWarszawa,
_c1981.
040 _cBPK
041 _apol
942 _cKS
008 s pl f |000 0 pol
999 _c19987
_d19987
856 _uhttp://koha.tu.koszalin.pl/cgi-bin/koha/opac-detail.pl?biblionumber=19987
_yKatalog online BPK